Online
Catalog

Memorias : (Record no. 43893)

MARC details
000 -CABECERA
campo de control de longitud fija 00437nam a2200133 a 4500
001 - NÚMERO DE CONTROL
campo de control 000044404
005 - FECHA Y HORA DE LA ÚLTIMA TRANSACCIÓN
campo de control 20201002045341.0
008 - DATOS DE LONGITUD FIJA--INFORMACIÓN GENERAL
campo de control de longitud fija 140627s2011 dr acd 000 0 spa d
040 ## - FUENTE DE LA CATALOGACIÓN
Centro catalogador/agencia de origen DO-SdBNP
Lengua de catalogación spa
Centro/agencia transcriptor BNPHU
110 2# - ENTRADA PRINCIPAL--NOMBRE DE ENTIDAD CORPORATIVA
Nombre de entidad corporativa o nombre de jurisdicción como elemento de entrada Cooperativa Nacional de Servicios Multiples de los Maestros
9 (RLIN) 63774
245 10 - MENCIÓN DE TÍTULO
Título Memorias :
Resto del título exitos de una gestión/.
260 ## - PUBLICACIÓN, DISTRIBUCIÓN, ETC.
Lugar de publicación, distribución, etc. Santo Domingo :
Nombre del editor, distribuidor, etc. COOPNAMA,
Fecha de publicación, distribución, etc. 2011 .
300 ## - DESCRIPCIÓN FÍSICA
Extensión 90 p. :
Otras características físicas il. gráf., retrs. ;
Dimensiones 24 cm.
Holdings
Estado de retiro Estado de pérdida No para préstamo Código de colección Localización permanente Ubicación/localización actual Ubicación en estantería Fecha de adquisición Número de inventario Total de préstamos Signatura topográfica completa Código de barras Fecha visto por última vez Precio válido a partir de Tipo de ítem Koha
    Excluido de préstamo Patrimonio Dominicano Patrimonio Dominicano Patrimonio Dominicano En catalogación 27.06.2014 LF1   44404-10 25.06.2020 25.06.2020 Libro y Folleto Colección Patrimonio Dominicano

Powered by Koha